000 01204cam a22003131i 4500
003 SA-RiAUC
005 20250119150959.0
008 250117s1984 ua f b 00110 ara c
040 _aADPOL
_bara
_cSA-RiAUC.
_erda
043 _af-ua---
050 4 _b.T36 1984
082 0 4 _a346.6202
_qSA-RiAUC
082 0 4 _a346.620
090 _a346.620
_b ط م ا
100 1 _aالطماوي، سليمان محمد سليمان
_eمؤلف.
245 1 2 _aالأسس العامة للعقود الإدارية :
_bدراسة مقارنة /
_cسليمان محمد الطماوي.
250 _aالطبعة الرابعة.
264 1 _aالقاهرة :
_bدار الفكر العربي،
_c1984
300 _a886 صفحة ؛
_c24 سم
336 _aنص
_btxt
_2rdacontent
_3كتاب
337 _aبدون وسيط
_bn
_2rdamedia
338 _aمجلد
_bnc
_2rdacarrier
500 _aكشاف : صفحة 769-844.
504 _aيشتمل على إرجاعات ببليوجرافية.
590 _aعبد المنعم.
650 7 _aالعقود الإدارية
_xقوانين وتشريعات
_zمصر
_2aucsh
942 _2ddc
_cBOOK
_n0
949 _aSA-JeALM
_d250117
_umohamedma123
_n1
999 _c5000
_d5000